SIAM journal on applied mathematics

Bibliographic Details
Previous Title:Journal of the Society for Industrial and Applied Mathematics (Online)
Corporate Author: Society for Industrial and Applied Mathematics
Format: Electronic Journal
Language:English
Published: Philadelphia, PA : Society for Industrial and Applied Mathematics, 1966-
Subjects:
Online Access:Full text available from Research Library: 01/01/1966 to 05/31/2014

MARC

LEADER 00000nas a2200000 a 4500
001 ssj0011649
003 WaSeSS
005 20200512172242.0
006 m d
007 cr n
008 970414c19669999paubr pss 0 a0eng c
010 |a sn 97004540   |z sn 98023008  
016 7 |a 1468266-7  |2 DE-600 
022 |a 1095-712X  |l 0036-1399  |y 0036-1399 
035 |a (WaSeSS)ssj0011649 
040 |a LHA  |b eng  |c LHA  |d NSD  |d OCL  |d IUL  |d EYM  |d OCLCQ  |d OCL  |d GUA  |d UQ1  |d CIT  |d OCLCQ  |d OCLCF  |d VT2  |d EUW  |d OCLCQ  |d DEBBG  |d WT2  |d GILDS  |d OCLCQ  |d OCLCO  |d AU@  |d OCLCQ  |d OCLCO  |d WaSeSS 
042 |a nsdp  |a pcc 
050 1 4 |a QA1 
082 1 0 |a 510  |2 12 
130 0 |a SIAM journal on applied mathematics (Online) 
210 0 |a SIAM j. appl. math.  |b (Online) 
222 0 |a SIAM journal on applied mathematics  |b (Online) 
245 1 0 |a SIAM journal on applied mathematics  |h [electronic resource]. 
246 3 0 |a Applied mathematics 
260 |a Philadelphia, PA :  |b Society for Industrial and Applied Mathematics,  |c 1966- 
310 |a Bimonthly 
362 0 |a Vol. 14, no. 1 (Jan. 1966)- 
500 |a Title from contents screen (JSTOR, viewed Feb. 24, 2006). 
506 |a License restrictions may limit access. 
538 |a Mode of access: World Wide Web. 
588 1 |a Vol. 66, issue 3 (2005/2006) (SIAM Journals Online, viewed Feb. 24, 2006). 
650 0 |a Mathematics  |v Periodicals. 
650 7 |a Mathematics.  |2 fast  |0 (OCoLC)fst01012163 
650 1 7 |a Mathématique.  |2 rasuqam 
655 0 |a Electronic journals. 
710 2 |a Society for Industrial and Applied Mathematics. 
776 0 8 |i Print version:  |t SIAM journal on applied mathematics  |x 0036-1399  |w (DLC) 92644753  |w (OCoLC)1765537 
780 0 0 |t Journal of the Society for Industrial and Applied Mathematics (Online)  |w (DLC)sn 98023007  |w (OCoLC)38309831 
856 4 0 |z Full text available from Research Library: 01/01/1966 to 05/31/2014  |u https://search.proquest.com/publication/666314